000 00757nam a2200217 4500
001 115962
003 ES-MaACL
005 20250810185110.0
007 t|
008 061121s1968 sp r ||||1| spa d
100 1 _aOwen, S. G.
_988030
245 1 0 _aFundamentos de cardiología /
_cS. G. Owen y J. Wallance-Owen ; versión A. Bayés de Luna y Dr. C. Gausi Gené ; prólogo Dr. M. Torner Soler.
260 _aBarcelona [etc.] :
_bed. Científico-Médica,
_c1968.
300 _aXXIII, 332 p. :
_bil. ;
_c22 cm.
700 1 _aWallance-Owen, J.
_9115958
700 1 _aBayés de Luna, A.,
_d1936-
_926662
700 1 _aGausi Gené, C.
_9203591
700 1 _aTorner Soler, M.
_9110668
852 _aES-MaACL
_jC-35219
_bR.67928
999 _c115962
_d115962